LEADER 01201nam 2200421 450 001 9910554836903321 005 20211021205138.0 010 $a1-118-76822-1 010 $a1-118-76797-7 035 $a(CKB)4330000000007030 035 $a(MiAaPQ)EBC6546274 035 $a(Au-PeEL)EBL6546274 035 $a(OCoLC)1246578125 035 $a(EXLCZ)994330000000007030 100 $a20211021d2021 uy 0 101 0 $aeng 135 $aurcnu|||||||| 181 $ctxt$2rdacontent 182 $cc$2rdamedia 183 $acr$2rdacarrier 200 02$aA companion to Australian art /$fedited by Christopher Allen 210 1$aHoboken, New Jersey :$cWiley,$d[2021] 210 4$dİ2021 215 $a1 online resource (560 pages) 225 1 $aBlackwell Companions to Art History Ser. 410 0$aBlackwell Companions to Art History Ser. 606 $aArt, Australian 608 $aElectronic books. 615 0$aArt, Australian. 676 $a709.94 702 $aAllen$b Christopher$f1953- 801 0$bMiAaPQ 801 1$bMiAaPQ 801 2$bMiAaPQ 906 $aBOOK 912 $a9910554836903321 996 $aA companion to Australian art$92819346 997 $aUNINA